[Event "Sparkassen-Open B"]
[Site "Heusenstamm, Martinsee"]
[Date "2023.11.25"]
[Round "4.17"]
[White "Weidemann, Max"]
[Black "Stehning, Michel"]
[Result "0-1"]
[WhiteElo "1488"]
[BlackElo "1571"]
[PlyCount "50"]
[EventDate "2023.??.??"]
[WhiteTeam "Vorw.Orient Mainz"]
[BlackTeam "SF Braunfels"]

1. d4 d5 2. c4 e6 3. Nf3 Nf6 4. g3 c6 5. Bg2 Bd6 6. O-O O-O 7. Qc2 Nbd7 8. Nbd2 Re8 9. e4 e5 10. Rd1 Qe7 11. cxd5 cxd5 12. dxe5 Nxe5 13. Nxe5 Qxe5 14. exd5 Bf5 15. Qb3 b6 16. Nc4 Qe7 17. Nxd6 Qxd6 18. Bf4 Qd7 19. Rac1 Rac8 20. d6 Rc5 21. Rxc5 bxc5 22. Qb7 Qe6 23. a3 Bh3 24. Bc6 Qe1+ 25. Rxe1 Rxe1# 0-1

[Event "Sparkassen-Open B"]
[Site "Heusenstamm, Martinsee"]
[Date "2023.11.25"]
[Round "4.18"]
[White "Glavev, Danail"]
[Black "Traut, Stefan"]
[Result "1-0"]
[WhiteElo "1361"]
[BlackElo "1557"]
[PlyCount "77"]
[EventDate "2023.??.??"]
[WhiteTeam "SK Bad Homburg 1927"]
[BlackTeam "SF Heusenstamm"]

1. e4 c5 2. Nc3 Nc6 3. Bb5 g6 4. Bxc6 bxc6 5. d3 Bg7 6. f4 e6 7. Nf3 Ne7 8. O-O O-O 9. Qe1 Ba6 10. Qg3 c4 11. d4 d5 12. e5 Rb8 13. Qf2 Qc7 14. g4 Rb7 15. h4 Rbb8 16. h5 gxh5 17. gxh5 Kh8 18. Nh4 Rg8 19. Kh1 Bc8 20. Na4 Bd7 21. Nc5 Rbf8 22. f5 exf5 23. h6 Bxe5 24. dxe5 Be6 25. Bf4 Rg4 26. Rg1 Rfg8 27. Rxg4 Rxg4 28. Rg1 Qc8 29. Rxg4 fxg4 30. Nxe6 Qxe6 31. Bg5 Ng6 32. Nxg6+ Qxg6 33. Qf6+ Qxf6 34. exf6 Kg8 35. Be3 Kf8 36. Bxa7 Ke8 37. c3 Kd7 38. Bc5 Ke6 39. Be7 1-0

[Event "Sparkassen-Open B"]
[Site "Heusenstamm, Martinsee"]
[Date "2023.11.25"]
[Round "4.19"]
[White "Moldenhauer, Nils"]
[Black "Kuchta, Maksim"]
[Result "1/2-1/2"]
[WhiteElo "1453"]
[BlackElo "1415"]
[PlyCount "101"]
[EventDate "2023.??.??"]
[WhiteTeam "SV Oberursel"]
[BlackTeam "SC Heusenstamm"]

1. e4 c5 2. Nf3 Nc6 3. c3 Nf6 4. e5 Nd5 5. d4 cxd4 6. cxd4 d6 7. h3 Bf5 8. Bd3 Bxd3 9. Qxd3 Ndb4 10. Qb3 dxe5 11. a3 e4 12. Ne5 Nxe5 13. dxe5 Nd3+ 14. Ke2 Qd7 15. Nd2 Nf4+ 16. Kf1 Qd3+ 17. Qxd3 exd3 18. Ne4 Ne6 19. Be3 b6 20. Rd1 Rd8 21. f3 g6 22. Kf2 Bg7 23. f4 O-O 24. Rd2 Rd7 25. Rhd1 Rfd8 26. Kf3 Nd4+ 27. Bxd4 Rxd4 28. Ke3 f6 29. exf6 exf6 30. Rxd3 Rxd3+ 31. Rxd3 Rxd3+ 32. Kxd3 f5 33. Nc3 Kf7 34. b3 Ke6 35. Nb5 Bf8 36. a4 a5 37. Kd4 Bc5+ 38. Kd3 h6 39. Nc3 g5 40. Ne2 Bd6 41. fxg5 hxg5 42. g3 Kd5 43. Nd4 f4 44. g4 Be5 45. Nf3 Bf6 46. Nd2 Be7 47. Nf3 Kc5 48. Kc2 Kb4 49. Nd2 Bf6 50. Nf3 Kc5 51. Kd3 1/2-1/2

[Event "Sparkassen-Open B"]
[Site "Heusenstamm, Martinsee"]
[Date "2023.11.25"]
[Round "4.20"]
[White "Homfeldt, Maren"]
[Black "Moissl, Julian"]
[Result "0-1"]
[WhiteElo "1076"]
[BlackElo "1188"]
[PlyCount "54"]
[EventDate "2023.??.??"]
[WhiteTeam "SC Noris-Tarrasch Nürnberg 1873"]
[BlackTeam "SJ Herborn 1998"]

1. f4 Nf6 2. g3 d5 3. d4 Nc6 4. e3 Bf5 5. Nd2 Nb4 6. Bb5+ c6 7. Bd3 Nxd3+ 8. cxd3 Bxd3 9. Ndf3 Be4 10. h3 e6 11. g4 h6 12. Rh2 Qc7 13. Ne5 O-O-O 14. a3 Bd6 15. b4 Rhf8 16. Qa4 a6 17. Bd2 Nd7 18. Rc1 Nxe5 19. fxe5 Be7 20. b5 axb5 21. Qb3 f6 22. Rf2 fxe5 23. Rxf8 Rxf8 24. Ne2 Bh4+ 25. Kd1 Rf1+ 26. Be1 Bxe1 27. a4 Ba5# 0-1

[Event "Sparkassen-Open B"]
[Site "Heusenstamm, Martinsee"]
[Date "2023.11.25"]
[Round "4.21"]
[White "Pishnograev, Ilya"]
[Black "Dietrich, Fabian"]
[Result "1/2-1/2"]
[WhiteElo "1300"]
[BlackElo "1413"]
[PlyCount "72"]
[EventDate "2023.??.??"]
[WhiteTeam "SK Bad Homburg 1927"]
[BlackTeam "SK Marburg 1931/72"]

1. e4 e5 2. Nf3 Nc6 3. Bb5 a6 4. Ba4 Nf6 5. O-O b5 6. Bb3 Be7 7. Re1 d6 8. h3 Bb7 9. c3 O-O 10. Bc2 Re8 11. d4 h6 12. d5 Na5 13. Nbd2 Bc8 14. Nf1 Bd7 15. Ng3 Nh7 16. b3 c6 17. Bd2 cxd5 18. exd5 Ng5 19. Bf5 Bxf5 20. Nxf5 Bf6 21. Nxg5 Bxg5 22. Bxg5 hxg5 23. Qg4 g6 24. Ng3 Rc8 25. Qb4 Nb7 26. c4 Rb8 27. Rad1 bxc4 28. Qxc4 Nc5 29. Ne4 Nxe4 30. Qxe4 a5 31. Rc1 Qd7 32. Rc6 Rec8 33. Rec1 Rxc6 34. dxc6 Qc7 35. Qd5 Kf8 36. Qc4 Rb4 1/2-1/2

[Event "Sparkassen-Open B"]
[Site "Heusenstamm, Martinsee"]
[Date "2023.11.25"]
[Round "4.22"]
[White "Joshi, Kanad"]
[Black "Bauer, Ottmar"]
[Result "0-1"]
[WhiteElo "1412"]
[BlackElo "1713"]
[PlyCount "68"]
[EventDate "2023.??.??"]
[WhiteTeam "SV Oberursel"]
[BlackTeam "TSV 1869 Rottendorf"]

1. e4 c6 2. d3 d5 3. Nd2 e5 4. Ngf3 Bg4 5. Be2 Nd7 6. h3 Be6 7. d4 Bd6 8. O-O Ngf6 9. Bd3 O-O 10. Re1 Re8 11. dxe5 Nxe5 12. Nxe5 Bxe5 13. exd5 Bxd5 14. c4 Bxg2 15. Kxg2 Qxd3 16. Qb3 Qxb3 17. Nxb3 Bc7 18. Be3 Bb6 19. Bxb6 axb6 20. Rxe8+ Rxe8 21. Rd1 g6 22. c5 bxc5 23. Nxc5 b6 24. Nd7 Nxd7 25. Rxd7 Re2 26. Rd6 Rc2 27. b4 Kf8 28. b5 Ke7 29. Rxc6 Rxc6 30. bxc6 Kd6 31. Kf3 Kxc6 32. Ke4 f6 33. f4 Kc5 34. h4 h6 0-1

[Event "Sparkassen-Open B"]
[Site "Heusenstamm, Martinsee"]
[Date "2023.11.25"]
[Round "4.23"]
[White "Naghizade, Farid"]
[Black "Kupke, Jonas"]
[Result "1-0"]
[WhiteElo "1468"]
[BlackElo "1438"]
[PlyCount "95"]
[EventDate "2023.??.??"]
[WhiteTeam "SC Heusenstamm"]
[BlackTeam "Wiesbadener SV 1885"]

1. e4 c5 2. Nf3 g6 3. d4 cxd4 4. Nxd4 Nf6 5. Nc3 Nc6 6. Nxc6 bxc6 7. Bc4 Bg7 8. e5 Ng4 9. Qxg4 d5 10. Qd4 dxc4 11. Qxd8+ Kxd8 12. Bf4 f5 13. exf6 Bxf6 14. O-O-O+ Ke8 15. Ne4 Kf7 16. Rhe1 h6 17. Nc5 Bf5 18. Be5 Rhd8 19. Bxf6 exf6 20. Nb7 Rxd1+ 21. Rxd1 Ke7 22. Na5 Rc8 23. Nxc4 Be6 24. Rd4 c5 25. Re4 Kd7 26. Na5 g5 27. c4 Bf5 28. Re3 Kc7 29. Rf3 Kb6 30. Rxf5 Kxa5 31. Rxf6 Kb4 32. b3 Kc3 33. Rf3+ Kb4 34. Kc2 Re8 35. Re3 Rd8 36. Re7 a6 37. a3+ Ka5 38. Re6 g4 39. Rc6 Rf8 40. Rxc5+ Kb6 41. Rd5 Rxf2+ 42. Rd2 Rf6 43. Kc3 Re6 44. Rd4 h5 45. h3 g3 46. h4 Re2 47. Rd6+ Ka5 48. b4+ 1-0

[Event "Sparkassen-Open B"]
[Site "Heusenstamm, Martinsee"]
[Date "2023.11.25"]
[Time "09:30:00"]
[Round "4.24"]
[White "Fernandez Garcia, Alfonso Javier"]
[Black "Wöhl, Torsten"]
[Result "1-0"]
[WhiteElo "1600"]
[BlackElo "1463"]
[WhiteTeam "SV 1926 Neu-Isenburg"]
[BlackTeam "SC Groß-Zimmern"]
[PlyCount "29"]

1. e4 e6 2. d4 d5 3. Nd2 c5 4. dxc5 Nc6 5. exd5 Qxd5 6. Ngf3 Bxc5 7. Be2 Nf6 8. O-O O-O 9. Nb3 Bb6 10. Bg5 Qxd1 11. Raxd1 Ne4 12. Bh4 Nb4 13. Be7 Nxf2 14. Rxf2 Bxf2+ 15. Kxf2 
1-0

[Event "Sparkassen-Open B"]
[Site "Heusenstamm, Martinsee"]
[Date "2023.11.25"]
[Round "4.25"]
[White "Dick, Markus"]
[Black "Lopez Fuertes, Victor"]
[Result "0-1"]
[WhiteElo "1408"]
[BlackElo "1614"]
[PlyCount "80"]
[EventDate "2023.??.??"]
[WhiteTeam "SV 1934 Ffm-Griesheim"]
[BlackTeam "SC 1910 Höchst"]

1. e4 b6 2. d4 Bb7 3. Bd3 e6 4. Nc3 Bb4 5. a3 Bxc3+ 6. bxc3 Nf6 7. f3 d6 8. Ne2 Nbd7 9. O-O O-O 10. Be3 c5 11. Ng3 Rc8 12. Qd2 Qc7 13. Rfb1 Kh8 14. Rb2 Nb8 15. Bg5 Ng8 16. Re1 cxd4 17. cxd4 Ba6 18. Bxa6 Nxa6 19. Rc1 Qc3 20. Rb3 Qxd2 21. Bxd2 Rc4 22. c3 Rfc8 23. Bf4 e5 24. dxe5 Nc5 25. Rb4 Nd3 26. Rxc4 Rxc4 27. Rd1 Nxf4 28. exd6 Ne6 29. Rd3 Nf6 30. e5 Nd7 31. Re3 Rc5 32. Kf2 Kg8 33. f4 Nxf4 34. Kf3 Ne6 35. Kg4 Nxe5+ 36. Kh4 Kf8 37. Ne2 Rd5 38. Nd4 Nxd4 39. cxd4 Rxd4+ 40. Kg5 f6+ 0-1

[Event "Sparkassen-Open B"]
[Site "Heusenstamm, Martinsee"]
[Date "2023.11.25"]
[Round "4.26"]
[White "Müller, Jens"]
[Black "Grünzig, Matthias"]
[Result "1-0"]
[WhiteElo "1497"]
[BlackElo "1439"]
[PlyCount "98"]
[EventDate "2023.??.??"]
[WhiteTeam "SV 1920 Hofheim"]
[BlackTeam "FV Berkersheim"]

1. e4 d5 2. exd5 Qxd5 3. Nc3 Qa5 4. d4 c6 5. Nf3 Bg4 6. Bc4 e6 7. O-O Nf6 8. h3 Bh5 9. Re1 Be7 10. Bf4 O-O 11. a3 Nd5 12. Nxd5 cxd5 13. Bb3 Nd7 14. c3 h6 15. Bc2 Bxf3 16. Qxf3 Qb5 17. Rab1 Nf6 18. Be5 Nd7 19. Bf4 Rfd8 20. Qg3 g5 21. Bd2 Nf8 22. h4 Nh7 23. hxg5 hxg5 24. Qh3 Nf8 25. Qh6 Qd7 26. Bxg5 Bxg5 27. Qxg5+ Kh8 28. Re3 Ng6 29. Qf6+ Kg8 30. Bxg6 fxg6 31. Qxg6+ Kf8 32. Qxe6 Qxe6 33. Rxe6 Kf7 34. Rbe1 Rd7 35. f4 Rad8 36. Kf2 Kf8 37. Kf3 Rd6 38. Rxd6 Rxd6 39. g4 Kf7 40. f5 Rd7 41. Kf4 b6 42. g5 Kf8 43. g6 Kg7 44. Kg5 Kf8 45. f6 Rc7 46. Rh1 Ke8 47. Rh8+ Kd7 48. Rh7+ Kd6 49. Rxc7 Kxc7 1-0

[Event "Sparkassen-Open B"]
[Site "Heusenstamm, Martinsee"]
[Date "2023.11.25"]
[Round "4.27"]
[White "Friedel, Thomas"]
[Black "Filis, Fotios"]
[Result "1-0"]
[WhiteElo "1498"]
[BlackElo "1072"]
[PlyCount "86"]
[EventDate "2023.??.??"]
[WhiteTeam "SV 1946 Groß-Gerau"]
[BlackTeam "SV 1920 Hofheim"]

1. Nf3 d5 2. d4 e6 3. c4 Nf6 4. Nc3 Be7 5. Bf4 O-O 6. e3 c6 7. Bd3 Nbd7 8. Qc2 Re8 9. O-O Nf8 10. c5 Ng6 11. Ng5 Nh5 12. Nf3 Nhxf4 13. exf4 b6 14. b4 bxc5 15. bxc5 a5 16. Ne5 Qc7 17. g3 Ba6 18. Rab1 Bxd3 19. Qxd3 Nxe5 20. fxe5 Reb8 21. Na4 Rxb1 22. Rxb1 Bd8 23. Nb6 Ra7 24. Rb3 Qb8 25. Qb1 Qc7 26. Qd3 Rb7 27. Qd2 Qb8 28. Qxa5 Ra7 29. Qd2 Bxb6 30. cxb6 Ra6 31. Qb2 Qb7 32. Kf1 Kf8 33. Ke2 Ke7 34. Qb1 g6 35. f4 Qa8 36. Rb2 Ra3 37. b7 Qb8 38. Rb6 Ra7 39. Qb4+ Ke8 40. Qd6 Rxa2+ 41. Kf3 Qxd6 42. exd6 Ra3+ 43. Kg4 f5+ 1-0

[Event "Sparkassen-Open B"]
[Site "Heusenstamm, Martinsee"]
[Date "2023.11.25"]
[Round "4.28"]
[White "Plotnikow, Jewgeni"]
[Black "Shymanskyi, Illia"]
[Result "1/2-1/2"]
[WhiteElo "1507"]
[BlackElo "1301"]
[PlyCount "161"]
[EventDate "2023.??.??"]
[WhiteTeam "SK Gründau"]
[BlackTeam "SC Steinbach"]

1. c4 Nf6 2. Nc3 g6 3. d4 Bg7 4. Nf3 c6 5. e4 O-O 6. b4 d5 7. e5 Ne8 8. h3 Bf5 9. Bd3 Qd7 10. O-O Bxd3 11. Qxd3 Nc7 12. a4 Ne6 13. cxd5 cxd5 14. Qb5 Qxb5 15. Nxb5 Nc6 16. Ba3 a6 17. Nc3 Rfd8 18. Rad1 Rac8 19. Ne2 Na7 20. Rc1 b5 21. axb5 Nxb5 22. Bb2 Bh6 23. Rxc8 Rxc8 24. Bc1 Bxc1 25. Rxc1 Rxc1+ 26. Nxc1 Nexd4 27. Nxd4 Nxd4 28. Nd3 Nc6 29. f4 Kf8 30. Kf2 e6 31. Kf3 h5 32. g4 hxg4+ 33. hxg4 Ke7 34. Ke3 f6 35. Kd2 f5 36. g5 Kd7 37. Nc5+ Kc7 38. Nxa6+ Kb6 39. Nc5 Nxb4 40. Nxe6 Nc6 41. Nf8 Ne7 42. Kd3 Kc5 43. Ne6+ Kc6 44. Kd4 Kd7 45. Nc5+ Kc6 46. Nd3 Kb5 47. e6 Kc6 48. Ke5 Kc7 49. Kf6 Kd6 50. Kf7 d4 51. Kf6 Ng8+ 52. Kg7 Ne7 53. Kf7 Nd5 54. Kxg6 Kxe6 55. Kh7 Ne7 56. g6 Kf6 57. g7 Kf7 58. Ne5+ Ke6 59. g8=Q+ Nxg8 60. Kxg8 Kd5 61. Kf7 Ke4 62. Kf6 Kxf4 63. Ke6 Ke4 64. Nc4 f4 65. Nd6+ Ke3 66. Ke5 d3 67. Nc4+ Kf3 68. Kd4 Ke2 69. Kc3 f3 70. Nd2 f2 71. Ne4 f1=N 72. Kb2 Ne3 73. Nc3+ Ke1 74. Nb1 Nc4+ 75. Kc3 Ne5 76. Kb2 Nf3 77. Kc3 Ke2 78. Kb2 Ne1 79. Kc3 Nc2 80. Kb2 Ke3 81. Kc1 1/2-1/2

[Event "Sparkassen-Open B"]
[Site "Heusenstamm, Martinsee"]
[Date "2023.11.25"]
[Round "4.30"]
[White "Goodwin, David"]
[Black "Chiokadze, Barbare"]
[Result "1-0"]
[WhiteElo "1469"]
[BlackElo "1151"]
[PlyCount "153"]
[EventDate "2023.??.??"]
[WhiteTeam "SV 1920 Kelsterbach"]
[BlackTeam "Wachtang Qarseladze"]

1. Nf3 Nf6 2. g3 e6 3. Bg2 d5 4. O-O Be7 5. d3 O-O 6. Nbd2 c5 7. c4 d4 8. Re1 Nc6 9. Nb3 h6 10. e3 e5 11. exd4 exd4 12. Nfd2 Nb4 13. Ne4 Nxe4 14. Bxe4 a5 15. a3 Nc6 16. Bd2 a4 17. Nc1 Bd7 18. Ne2 Re8 19. Nf4 Qb6 20. Rb1 Qd8 21. Nd5 Be6 22. Nxe7+ Rxe7 23. Qh5 Qd7 24. Qxc5 Rc8 25. Qh5 Bg4 26. Qh4 Rce8 27. f3 Be6 28. Bxc6 bxc6 29. Bb4 f6 30. Bxe7 Rxe7 31. Qe4 Kf7 32. Kf2 Re8 33. h4 c5 34. Qe2 Qc6 35. Qe4 Qd7 36. b3 axb3 37. Rxb3 Re7 38. h5 f5 39. Qe5 Qc6 40. Rb5 Rc7 41. a4 Bd7 42. a5 Rc8 43. Rb6 Qa4 44. Qd5+ Kf8 45. Qd6+ Kg8 46. Rb8 Rxb8 47. Qxb8+ Kh7 48. Qb2 Qxa5 49. Ra1 Qd8 50. Qe2 f4 51. Qe4+ Kg8 52. Ra8 Bc8 53. Qd5+ Qxd5 54. cxd5 fxg3+ 55. Kxg3 Kf7 56. Rxc8 Ke7 57. Rxc5 Kd6 58. Ra5 Ke5 59. f4+ Kd6 60. Kg4 Kd7 61. Ra7+ Kd6 62. Rxg7 Kxd5 63. Rg6 Kc5 64. Rxh6 Kb4 65. Rd6 Kc3 66. Rxd4 Kxd4 67. h6 Kxd3 68. h7 Ke2 69. h8=Q Kd2 70. Qd4+ Kc2 71. Kf3 Kb3 72. Ke2 Ka3 73. Kd3 Kb3 74. Qc4+ Ka3 75. Qb5 Ka2 76. Kc3 Ka1 77. Qb2# 1-0

[Event "Sparkassen-Open B"]
[Site "Heusenstamm, Martinsee"]
[Date "2023.11.25"]
[Time "09:30:00"]
[Round "4.31"]
[PlyCount "65"]
[White "Bardorz, Christoph"]
[Black "Englert, Ann"]
[Result "1-0"]
[WhiteElo "1713"]
[BlackElo "1178"]
[WhiteTeam "TSV 1869 Rottendorf"]
[BlackTeam "TV-Großostheim 1900 e.V."]

1. e4 c5 2. Nf3 Nc6 3. d4 cxd4 4. Nxd4 g6 5. Nc3 Bg7 6. Be3 d6 7. Qd2 Bd7 8. h4
Nf6 9. f3 h5 10. O-O-O a6 11. Kb1 b5 12. Nxc6 Bxc6 13. Bd4 Kf8 14. Nd5 Bxd5 15.
exd5 Qd7 16. Qa5 Nh7 17. c4 bxc4 18. Bxc4 Bxd4 19. Rxd4 Qa7 20. Re4 Nf6 21. Re2
Kg7 22. Rhe1 Rhe8 23. Bb3 Kf8 24. Qd2 Ng8 25. g4 hxg4 26. fxg4 Kg7 27. h5 a5
28. hxg6 fxg6 29. Qg5 Qd4 30. Re6 Nf6 31. Bc2 Qxg4 32. Qxg4 Nxg4 33. Rxg6+ 1-0

[Event "Sparkassen-Open B"]
[Site "Heusenstamm, Martinsee"]
[Date "2023.11.25"]
[Round "4.32"]
[White "Matsoukas, Konstantinos"]
[Black "Bengsch, Norbert"]
[Result "0-1"]
[WhiteElo "1205"]
[BlackElo "1604"]
[PlyCount "82"]
[EventDate "2023.??.??"]
[WhiteTeam "SAbt TuS Makkabi Ffm"]
[BlackTeam "SG Donautal Tuttlingen"]

1. e4 c5 2. Nc3 e6 3. d4 cxd4 4. Qxd4 Nc6 5. Qd1 Nf6 6. f4 Bb4 7. e5 Ne4 8. Nge2 Qb6 9. Qd3 Nf2 10. Qf3 Nxh1 11. Be3 Bc5 12. Bxc5 Qxc5 13. g3 b6 14. Qxh1 Rb8 15. O-O-O O-O 16. h4 Ba6 17. Qf3 Bxe2 18. Bxe2 Nd4 19. Qd3 Nxe2+ 20. Nxe2 Rfd8 21. g4 Rbc8 22. Kb1 Qc4 23. Qd2 Rc5 24. Nc3 Rc6 25. Rg1 d5 26. exd6 Rcxd6 27. Qh2 Rd2 28. Qg3 b5 29. a3 a5 30. Rc1 b4 31. axb4 axb4 32. Na2 Qd4 33. Qf3 Rf2 34. Qb3 Rxf4 35. g5 Rxh4 36. g6 hxg6 37. Rf1 Qe4 38. Nc1 Rf4 39. Rg1 Qd5 40. Qg3 Qf3 41. Qh2 Qf2 0-1

[Event "Sparkassen-Open B"]
[Site "Heusenstamm, Martinsee"]
[Date "2023.11.25"]
[Round "4.33"]
[White "Tran, Duy-Khang"]
[Black "Fritsch, Reinhold"]
[Result "1-0"]
[WhiteElo "1381"]
[BlackElo "1580"]
[PlyCount "69"]
[EventDate "2023.??.??"]
[WhiteTeam "TSV 1869 Rottendorf"]
[BlackTeam "SC Somborn 1933"]

1. e4 g6 2. Nf3 d6 3. d4 Bg7 4. c3 Nf6 5. Bd3 O-O 6. O-O c5 7. h3 b6 8. Re1 Bb7 9. Nbd2 Re8 10. b4 cxb4 11. cxb4 Nh5 12. b5 Nd7 13. Ba3 Nf4 14. Nb3 Nxd3 15. Qxd3 Nf6 16. Bb4 Qd7 17. Rac1 Rac8 18. d5 Nh5 19. Nbd4 Nf4 20. Qa3 Bh6 21. Kh2 Rxc1 22. Rxc1 Bc8 23. Nd2 Bb7 24. Qxa7 Ra8 25. Qxb6 Rc8 26. Rxc8+ Bxc8 27. Qc6 Qd8 28. b6 e5 29. dxe6 Bxe6 30. Nxe6 Nxe6 31. b7 Qf6 32. b8=Q+ Kg7 33. Qcxd6 Bf4+ 34. Qxf4 Nxf4 35. Qf8# 1-0

[Event "Sparkassen-Open B"]
[Site "Heusenstamm, Martinsee"]
[Date "2023.11.25"]
[Round "4.34"]
[White "Vinogradov, Roman"]
[Black "Heller, Holger"]
[Result "0-1"]
[WhiteElo "1306"]
[BlackElo "1547"]
[PlyCount "122"]
[EventDate "2023.??.??"]
[WhiteTeam "SV 1947 Walldorf"]
[BlackTeam "SAbt TuS Dotzheim"]

1. e4 e5 2. Nf3 d6 3. Bc4 Be7 4. h3 Nf6 5. Nc3 O-O 6. b3 Nc6 7. Bb2 Na5 8. Be2 Be6 9. Ng5 Qd7 10. d4 exd4 11. Qxd4 Nc6 12. Qd2 h6 13. Nf3 Rad8 14. O-O-O a6 15. e5 dxe5 16. Qxd7 Rxd7 17. Rhe1 Bc5 18. Rf1 Rfd8 19. Na4 Rxd1+ 20. Rxd1 Rxd1+ 21. Kxd1 Bd6 22. c4 e4 23. Ne1 Be5 24. Bxe5 Nxe5 25. Nc5 Bc8 26. Kd2 b6 27. Na4 Nh7 28. Ke3 f5 29. Kf4 Ng6+ 30. Ke3 Ng5 31. Nc3 Bb7 32. Bh5 Ne7 33. h4 Ne6 34. f3 g6 35. Nd5 Nxd5+ 36. cxd5 Nf8 37. fxe4 gxh5 38. Kf4 fxe4 39. Kxe4 Ng6 40. g3 Ne7 41. Nd3 Bxd5+ 42. Ke5 c6 43. Nf4 Bf7 44. Kd6 Nd5 45. Kxc6 Nb4+ 46. Kxb6 Nxa2 47. Kxa6 Nb4+ 48. Kb5 Nd5 49. b4 Kg7 50. Kc5 Nxf4 51. gxf4 Be8 52. Kd5 Kf6 53. Ke4 Bc6+ 54. Ke3 Kf5 55. Kf2 Kxf4 56. Ke2 Bb5+ 57. Kf2 Kg4 58. Ke3 Kxh4 59. Kf4 Kh3 60. Kf3 Bc6+ 61. Kf4 h4 0-1

[Event "Sparkassen-Open B"]
[Site "Heusenstamm, Martinsee"]
[Date "2023.11.25"]
[Round "4.35"]
[White "Kluge, Joscha"]
[Black "Weyerer, Elea"]
[Result "1-0"]
[WhiteElo "1547"]
[BlackElo "1305"]
[PlyCount "63"]
[EventDate "2023.??.??"]
[WhiteTeam "SC Bergen-Enkheim 1922"]
[BlackTeam "SV Oberursel"]

1. e4 e6 2. d4 d5 3. Nd2 dxe4 4. Nxe4 Nd7 5. Nf3 Ngf6 6. Nxf6+ Nxf6 7. Be2 c5 8. c3 Be7 9. O-O O-O 10. Be3 cxd4 11. Bxd4 b6 12. Qc2 h6 13. Rfd1 Qc7 14. Rd2 Bb7 15. Rad1 Rfd8 16. h3 Rd7 17. Ne5 Rd6 18. Bf3 Nd5 19. Qe4 Rb8 20. Qg4 Bg5 21. Re2 Nf4 22. Ree1 Nd5 23. Qg3 Bf4 24. Qg4 Bg5 25. h4 Be7 26. Nc6 Bf6 27. Nxb8 Bxd4 28. Qxd4 Qxb8 29. c4 Nf6 30. Qxd6 Qxd6 31. Rxd6 Bxf3 32. gxf3 1-0

[Event "Sparkassen-Open B"]
[Site "Heusenstamm, Martinsee"]
[Date "2023.11.25"]
[Round "4.36"]
[White "Fischermann, Charlotte"]
[Black "El-Lawindy, Asem"]
[Result "0-1"]
[WhiteElo "1248"]
[BlackElo "1494"]
[PlyCount "88"]
[EventDate "2023.??.??"]
[WhiteTeam "SG Porz e. V."]
[BlackTeam "VSG 1880 Offenbach"]

1. e4 e5 2. Nf3 Nc6 3. Bc4 h6 4. c3 Nf6 5. d3 Bc5 6. d4 exd4 7. cxd4 Bb4+ 8. Nc3 Nxe4 9. O-O Nxc3 10. bxc3 Be7 11. d5 Nb8 12. Re1 O-O 13. Bf4 d6 14. Bb3 Bg4 15. Re3 Nd7 16. h3 Bh5 17. Qe1 Bf6 18. Rb1 Bg6 19. Rc1 Re8 20. Bc2 Bxc2 21. Rxc2 Rxe3 22. Qxe3 Qe8 23. Qd3 Nc5 24. Qd1 Qe4 25. Be3 Nd7 26. c4 Ne5 27. Nd4 a6 28. Qc1 Nd3 29. f3 Qxd4 30. Qd2 Qa1+ 31. Kh2 Nc5 32. f4 Ne4 33. Qe2 Bd4 34. Bc1 f5 35. g3 Qb1 36. Qd3 Qb6 37. g4 Nf6 38. Qxf5 Re8 39. Qg6 Qb4 40. g5 Qe1 41. Rg2 Re2 42. Be3 Rxg2+ 43. Kxg2 Qe2+ 44. Kh1 Qxe3 0-1

[Event "Sparkassen-Open B"]
[Site "Heusenstamm, Martinsee"]
[Date "2023.11.25"]
[Round "4.37"]
[White "Barth, Horst"]
[Black "Ketting, Douwe"]
[Result "1/2-1/2"]
[WhiteElo "1261"]
[BlackElo "1483"]
[PlyCount "40"]
[EventDate "2023.??.??"]
[WhiteTeam "Sfr.Mainz 1928"]
[BlackTeam "SC Somborn 1933"]

1. d4 Nf6 2. c4 e5 3. dxe5 Ng4 4. Nf3 Nc6 5. Bf4 Bb4+ 6. Nc3 Qe7 7. a3 Ngxe5 8. Nxe5 Bxc3+ 9. bxc3 Nxe5 10. Bxe5 Qxe5 11. Qd4 d6 12. f4 Qf6 13. Qxf6 gxf6 14. e3 Bf5 15. Rg1 Rg8 16. Kd2 O-O-O 17. g3 Rde8 18. Bg2 Re7 19. Rge1 Rge8 20. h3 Be4 1/2-1/2

[Event "Sparkassen-Open B"]
[Site "Heusenstamm, Martinsee"]
[Date "2023.11.25"]
[Round "4.38"]
[White "Papadopoulos, Kyriakos"]
[Black "Grimm, Benjamin"]
[Result "1/2-1/2"]
[WhiteElo "1482"]
[BlackElo "1198"]
[PlyCount "98"]
[EventDate "2023.??.??"]
[WhiteTeam "VSG 1880 Offenbach"]
[BlackTeam "Godesberger SK 1929 e. V"]

1. e4 e5 2. Nf3 Nc6 3. d4 exd4 4. Nxd4 Qh4 5. Nc3 Bb4 6. Qd3 Nf6 7. Nf5 Qxe4+ 8. Qxe4+ Nxe4 9. Bd2 Nxd2 10. Kxd2 O-O 11. Bd3 d5 12. a3 Bxc3+ 13. bxc3 g6 14. Ne3 Be6 15. Rab1 Na5 16. Rb5 Nc4+ 17. Bxc4 dxc4 18. Rxb7 Rfd8+ 19. Kc1 c6 20. Rd1 Bd5 21. Nxd5 Rxd5 22. Rxd5 cxd5 23. Rd7 Re8 24. Rxd5 Re2 25. Rd2 Re1+ 26. Kb2 Re6 27. g3 h5 28. h4 Kg7 29. Rd7 Re2 30. Rxa7 Rxf2 31. a4 Rf5 32. a5 Kf6 33. Ka3 Ke6 34. Kb4 Kd5 35. Rb7 Rf1 36. Rb5+ Kc6 37. Kxc4 Ra1 38. Rb6+ Kc7 39. Kb4 Rb1+ 40. Kc5 Ra1 41. Rb5 Ra2 42. c4 Ra3 43. Rb3 Rxa5+ 44. Kd4 Ra2 45. Rc3 Ra1 46. Ke4 Re1+ 47. Kf4 f6 48. c5 Rf1+ 49. Ke4 Re1+ 1/2-1/2

[Event "Sparkassen-Open B"]
[Site "Heusenstamm, Martinsee"]
[Date "2023.11.25"]
[Round "4.40"]
[White "Plaumann, Finja"]
[Black "Schmidt, Moritz"]
[Result "0-1"]
[WhiteElo "1260"]
[BlackElo "1453"]
[PlyCount "106"]
[EventDate "2023.??.??"]
[WhiteTeam "Sfr.Heidesheim"]
[BlackTeam "SV 1920 Plettenbe"]

1. d4 Nf6 2. c4 e6 3. Nc3 Bb4 4. Bd2 Bxc3 5. Bxc3 d5 6. e3 O-O 7. Nf3 b6 8. Bd3 Ba6 9. Qe2 Nbd7 10. O-O c5 11. cxd5 Bxd3 12. Qxd3 exd5 13. b4 c4 14. Qc2 b5 15. Nd2 Re8 16. Rfe1 Ne4 17. f3 Nxc3 18. Qxc3 Re6 19. e4 Qe7 20. Re3 Nb6 21. a3 dxe4 22. Rxe4 Na4 23. Rxe6 Qxe6 24. Qc2 Qe3+ 25. Kf1 Qxd4 26. Rc1 h6 27. Qe4 Rd8 28. Qxd4 Rxd4 29. Ne4 Rd3 30. Nc5 Rxa3 31. Nxa4 Rxa4 32. Rb1 Ra2 33. Rc1 Kf8 34. h3 Rb2 35. Ra1 c3 36. Rc1 Rxb4 37. Rxc3 Rb2 38. Ra3 b4 39. Rxa7 g5 40. Ra6 b3 41. Rb6 Kg7 42. g4 f6 43. Ke1 Kg6 44. Kd1 h5 45. gxh5+ Kxh5 46. Rxf6 Rh2 47. f4 b2 48. Rb6 gxf4 49. Rb5+ Kh4 50. Rb4 Rh1+ 51. Kc2 b1=Q+ 52. Rxb1 Rxb1 53. Kxb1 f3 0-1

[Event "Sparkassen-Open B"]
[Site "Heusenstamm, Martinsee"]
[Date "2023.11.25"]
[Round "4.41"]
[White "Hellmann, Alexander"]
[Black "Maibaum, Harry"]
[Result "1/2-1/2"]
[WhiteElo "1199"]
[BlackElo "1450"]
[PlyCount "31"]
[EventDate "2023.??.??"]
[WhiteTeam "SJ Herborn 1998"]
[BlackTeam "Sfr.Heimersheim"]

1. e4 c5 2. c3 d5 3. Bb5+ Bd7 4. Bxd7+ Qxd7 5. e5 Nc6 6. d4 e6 7. Nf3 cxd4 8. cxd4 Bb4+ 9. Bd2 Bxd2+ 10. Nbxd2 Nge7 11. O-O O-O 12. Rc1 f6 13. Qa4 Nxe5 14. Qxd7 Nxd7 15. Rc7 Rfd8 16. Rxb7 1/2-1/2

[Event "Sparkassen-Open B"]
[Site "Heusenstamm, Martinsee"]
[Date "2023.11.25"]
[Round "4.42"]
[White "Longerich, Hans-Peter"]
[Black "Stecay, Anja Christina"]
[Result "1-0"]
[WhiteElo "1431"]
[BlackElo "1182"]
[PlyCount "57"]
[EventDate "2023.??.??"]
[WhiteTeam "SC Bayer Leverkusen e. V"]
[BlackTeam "SF Neuberg"]

1. e4 d6 2. d4 Nf6 3. Nc3 g6 4. Nf3 Bg7 5. h3 O-O 6. Be2 Nbd7 7. O-O e5 8. dxe5 dxe5 9. Be3 b6 10. Bd3 Bb7 11. Qd2 Nh5 12. Rad1 Qe7 13. Bg5 f6 14. Bc4+ Kh8 15. Qxd7 Qxd7 16. Rxd7 fxg5 17. Nxg5 h6 18. Ne6 Rf6 19. Rfd1 Rc8 20. Rxc7 Rxc7 21. Nxc7 Rc6 22. Rd8+ Kh7 23. Bg8+ Kh8 24. Bd5+ Kh7 25. Bxc6 Bxc6 26. Rd6 Bb7 27. Ne6 a5 28. Nxg7 Nxg7 29. Rxb6 1-0

[Event "Sparkassen-Open B"]
[Site "Heusenstamm, Martinsee"]
[Date "2023.11.25"]
[Round "4.43"]
[White "Niesel, Markus"]
[Black "Herdt, Werner"]
[Result "0-1"]
[WhiteElo "1186"]
[BlackElo "1421"]
[PlyCount "56"]
[EventDate "2023.??.??"]
[WhiteTeam "SV 1934 Ffm-Griesheim"]
[BlackTeam "SF Heusenstamm"]

1. e4 c5 2. Nf3 Nc6 3. c3 e5 4. Bc4 Nf6 5. d3 a6 6. O-O Be7 7. Be3 O-O 8. Nbd2 d5 9. exd5 Nxd5 10. Ne4 Nxe3 11. fxe3 b5 12. Bb3 h6 13. Qe2 Qc7 14. Rad1 Bf5 15. Ng3 Bg6 16. e4 Rad8 17. Qf2 Na5 18. Bd5 c4 19. d4 exd4 20. cxd4 Nc6 21. Qe2 Nb4 22. b3 Nxd5 23. exd5 Bd3 24. Rxd3 cxd3 25. Qxd3 Rxd5 26. Re1 Bf6 27. Nf5 Qd7 28. Rd1 Rxf5 0-1